| 000 | 00438nam a2200181Ia 4500 | ||
|---|---|---|---|
| 003 | GCL | ||
| 008 | 140319s9999 xx 000 0 eng d | ||
| 040 |
_aGCL / _cGCL |
||
| 082 | 0 | 4 |
_aCC _b050.941 _bJ B |
| 100 | 1 | _aIFAO | |
| 245 | 1 | 0 |
_aBIBLIOTHEQUE GENERALE: TOME 5,1990 / _cIFAO |
| 700 | 1 | _aJOMIER, JACQUES | |
| 260 |
_a[S.N] : _bI.F.A.O |
||
| 300 | _a219 PP | ||
| 650 | 0 | 4 | _aPERIODICALS |
| 650 | 0 | 4 | _aBIBLIOGRAPHIES |
| 942 |
_2ddc _cBK |
||
| 999 |
_c17828 _d17828 |
||